000 00372nam a2200145Ia 4500
005 20240823064523.0
008 240823s9999||||xx |||||||||||||| ||und||
082 _A005.133 P6
100 _a"Kruglinski,David J [et al]"
245 0 _aProgramming Visual C++
260 _c2006
_b"WP,Ban"
_aBanglore
500 _aYES
650 _avisual
_bComputer Science
942 _cNB
999 _c240916
_d240916